Urban politics : a sociological interpretation

Αποθηκεύτηκε σε:
Λεπτομέρειες βιβλιογραφικής εγγραφής
Κύριος συγγραφέας: Saunders, Peter R.
Μορφή: Βιβλίο
Γλώσσα:English
Δημοσίευση: London : Hutchinson University Press, 1987
Θέματα:
Ετικέτες: Προσθήκη ετικέτας
Δεν υπάρχουν, Καταχωρήστε ετικέτα πρώτοι!

MARC

LEADER 00000nam a2200000 i 4500
001 1/64443
008 930930s1986 eng d
020 |a 0-09-153111-X 
035 |a ΛΕΣΒΟΣb10001387  |l 10001387 
040 |a GR-MY-UA  |b gre  |e aacr 
041 0 |a eng 
082 0 |a 306.20941 
100 1 |a Saunders, Peter R. 
245 1 0 |a Urban politics :  |b a sociological interpretation /  |c Peter Saunders 
260 |a London :   |b Hutchinson University Press,   |c 1987 
300 |a 383 p. 
504 |a Includes index 
650 0 0 |a Municipal government  |z Great Britain  |x Case studies. 
650 0 0 |a Sociology, Urban. 
650 0 0 |a Municipal government. 
852 |a INST  |b LESVOS  |e 19930930  |h 306.20941 SAU  |p 005100004819  |q 005100004819  |t BK  |y 0 
909 |a Λ  |b 005232